书目信息 |
| 题名: |
实用橡胶手册
|
|
| 作者: | 吕百龄 , 刘登祥 主编 ;北京橡胶工业研究设计院 组织编写 | |
| 分册: | ||
| 出版信息: | 北京 化学工业出版社 2001.07 |
|
| 页数: | 1297页 | |
| 开本: | 26cm | |
| 丛书名: | ||
| 单 册: | ||
| 中图分类: | TQ33-62 | |
| 科图分类: | ||
| 主题词: | 橡胶工业--手册 | |
| 电子资源: | ||
| ISBN: | 7-5025-2990-X | |
| 000 | 01005nam0 2200241 450 | |
| 001 | 012001078850 | |
| 005 | 20050820162848.62 | |
| 010 | @a7-5025-2990-X@b精装@dCNY180.00 | |
| 100 | @a20011009d2001 em y0chiy0110 ea | |
| 101 | 0 | @achi |
| 102 | @aCN@b110000 | |
| 105 | @aa z 000yy | |
| 200 | 1 | @a实用橡胶手册@Ashi yong xiang jiao shou ce@f吕百龄, 刘登祥主编@Flu bai ling,liu deng xiang zhu bian@g北京橡胶工业研究设计院组织编写@Gbei jing xiang jiao gong ye yan jiu she ji yuan zu zhi bian xie |
| 210 | @a北京@c化学工业出版社@d2001.07 | |
| 215 | @a1297页@c图@d26cm | |
| 330 | @a本书包括:橡胶、配合剂、骨架材料、橡胶产品配方设计、基本工艺及设备、橡胶模型制品模具设计、轮胎、胶带、胶布及胶布制品等内容。 | |
| 606 | 0 | @a橡胶工业@j手册 |
| 690 | @aTQ33-62@v4 | |
| 701 | 0 | @a吕百龄@Alu bai ling@4主编 |
| 701 | 0 | @a刘登祥@Aliu deng xiang@4主编 |
| 712 | 02 | @a北京橡胶工业研究设计院@Abei jing xiang jiao gong ye yan jiu she ji yuan@4组织编写 |
| 801 | 0 | @aCN@bQSSK@c20050820 |
| 905 | @a10447@dTQ33-62@eL888 | |
| 实用橡胶手册/吕百龄, 刘登祥主编/北京橡胶工业研究设计院组织编写.-北京:化学工业出版社,2001.07 |
| 1297页:图;26cm |
| ISBN 7-5025-2990-X(精装):CNY180.00 |
| 本书包括:橡胶、配合剂、骨架材料、橡胶产品配方设计、基本工艺及设备、橡胶模型制品模具设计、轮胎、胶带、胶布及胶布制品等内容。 |
| ● |
| 相关链接 |
|
|
|
正题名:实用橡胶手册
索取号:TQ33-62/L888
 
预约/预借
| 序号 | 登录号 | 条形码 | 馆藏地/架位号 | 状态 | 备注 |
| 1 | 562001 | 205620014 | 自科库501/501自科库 39排1列3层/ [索取号:TQ33-62/L888] | 在馆 |